NHL Teams That Have A Hockey Stick or Puck In Their Logo - Statistics

General Stats
  • This quiz has been taken 48 times
  • The average score is 6 of 6
Answer Stats
Picture Answer % Correct
San Jose Sharks
100%
St. Louis Blues
100%
Anaheim Ducks
97%
New York Islanders
97%
Pittsburgh Penguins
97%
Washington Capitals
95%
No matching quizzes found
Score Distribution
Percent of People with Each Score
Percentile by Number Answered
Your Score History
You have not taken this quiz